000 00337pab a2200145 454500
008 180718b1989 xxu||||| |||| 00| 0 eng d
100 _aDesai, P.B.
245 _aUrbanisation - the Asian Scene
260 _c1989
300 _a49-73
362 _aJan.-Jun.
650 _aUrbanisation - Asia
773 _aUrban India
909 _a20383
999 _c20383
_d20383